| 000 | 00829nam a2200193 a 4500 | ||
|---|---|---|---|
| 001 | 000039857 | ||
| 005 | 20201002033755.0 | ||
| 008 | 130725s2001 sp 001 0 spa d | ||
| 020 | _a8400079213 | ||
| 040 |
_aDO-SdBNP _bspa _cBNPHU |
||
| 100 | 1 |
_aSignes Codoñer,Juan _966054 |
|
| 245 | 1 | 0 |
_aBiblioteca y epistolario de Hernán Núñez de Guzmán : _b(El Pinciano) : una aproximación al humanismo español del siglo 16 / _cJuan Signes Codoñer, Carmen Codoñer Merino, Arantxa Domingo Malvadi. |
| 260 |
_aMadrid : _bConsejo Superior de Investigaciones Científicas, _c2001. |
||
| 300 |
_a558 p. : _bil. ; _c26 cm. |
||
| 504 | _aIncluye referencias bibliográficas y notas al pie de las páginas | ||
| 504 |
_aBibliografía : p. _b527-532 |
||
| 700 | 1 |
_aCodoñer Merino, Carmen _966055 |
|
| 700 | 1 |
_aDomingo Malvadi, Arantxa _966056 |
|
| 999 |
_c39347 _d39347 |
||